000 00882nas a2200301 4500
001 BR0101350
003 BR-BrBNA
005 20231205102131.0
007 ta
008 230509b bl.|||p| |||| 00| 00por d
040 _aBR-BrBNA
_bpor
_cBiblioteca Nacional de Agricultura
041 _a(Pt)
072 _aH10
100 1 _aMichereff, M.F.F.
100 1 _aVilela, E.F.
100 1 _aMichereff Filho, M.
100 1 _aMafra-Neto, A.
245 1 _aUso do feromonio sexual sintetico para captura de machos da traca-das-cruciferas
650 _aRepolho
650 _aTraca
650 _aArmadilha
650 _aCaptura
650 _aFeromonio
650 _aControle Integrado
773 0 _tPesquisa Agropecuaria Brasileira (Brazil)
_xISSN 0100-204X
_g(Oct 2000), v. 35(10) p. 1919-1926
_wBR0101350
909 _a202311
_bLúcia
_c55
_dLúcia Elande
942 _2AGRIS
_n0
_cANA
999 _c165922
_d165922